[Event "ROM-ch U14"]
[Site "Calimanesti Caciulata"]
[Date "2016.04.20"]
[Round "3"]
[White "Cotruta, Alexandru Mihai"]
[Black "Stancu Filipescu, David"]
[Result "1-0"]
[WhiteElo "1886"]
[BlackElo "1675"]
[PlyCount "53"]
[EventDate "2016.04.18"]
[EventType "swiss"]
[EventRounds "9"]
[EventCountry "ROU"]
[SourceTitle "CBM 172 Extra"]
[Source "ChessBase"]
[SourceDate "2016.06.21"]
[SourceVersion "1"]
[SourceVersionDate "2016.06.21"]
[SourceQuality "1"]

1. d4 d5 2. c4 e6 3. Nc3 Nf6 4. cxd5 exd5 5. Bg5 c6 6. Qc2 Nbd7 7. e3 Bd6 8. Bd3 h6 9. Bh4 0-0 10. Nf3 a6 11. h3 Bc7 12. g4 g5 13. Rg1 c5 14. Bg3 Bxg3 15. Rxg3 Re8 16. Rg1 b5 17. h4 cxd4 18. hxg5 hxg5 19. Nxd4 Ne5 20. Bf5 b4 21. Ne4 Qb6 22. Nxg5 Nexg4 23. Bxg4 Qxd4 24. Bxc8 Rxe3+ 25. fxe3 Qxe3+ 26. Kf1 Qf4+ 27. Nf3+ 1-0

[Event "ROM-ch U14"]
[Site "Calimanesti Caciulata"]
[Date "2016.04.18"]
[Round "1"]
[White "Cozac, Nicolae Stelian"]
[Black "Stancu Filipescu, David"]
[Result "0-1"]
[WhiteElo "1001"]
[BlackElo "1675"]
[PlyCount "44"]
[EventDate "2016.04.18"]
[EventType "swiss"]
[EventRounds "9"]
[EventCountry "ROU"]
[SourceTitle "CBM 172 Extra"]
[Source "ChessBase"]
[SourceDate "2016.06.21"]
[SourceVersion "1"]
[SourceVersionDate "2016.06.21"]
[SourceQuality "1"]

1. e4 c5 2. d3 e5 3. f3 Nf6 4. Nc3 d6 5. h3 Be7 6. g3 Nc6 7. f4 Nd4 8. Be3 b6 9. fxe5 dxe5 10. Na4 Bb7 11. c3 Nc6 12. d4 cxd4 13. cxd4 exd4 14. e5 dxe3 15. exf6 Bb4+ 16. Ke2 Qxf6 17. Kxe3 0-0 18. a3 Rfe8+ 19. Kd3 Rad8+ 20. Kc2 Rxd1 21. Kxd1 Qxf1+ 22. Kc2 Nd4# 0-1

[Event "ROM-ch U12"]
[Site "Calimanesti"]
[Date "2014.04.07"]
[Round "2"]
[White "Talu, Mircea"]
[Black "Stancu Filipescu, David"]
[Result "1-0"]
[WhiteElo "1779"]
[BlackElo "1600"]
[PlyCount "129"]
[EventDate "2014.04.06"]
[EventType "swiss"]
[EventRounds "9"]
[EventCountry "ROU"]
[SourceTitle "CBM 160 Extra"]
[Source "ChessBase"]
[SourceDate "2014.07.01"]
[SourceVersion "1"]
[SourceVersionDate "2014.07.01"]
[SourceQuality "1"]

1. d4 d5 2. c4 e6 3. Nc3 Nf6 4. Nf3 c6 5. Bg5 Nbd7 6. e3 Qa5 7. Qd2 Bb4 8. Bxf6 Nxf6 9. Rc1 Ne4 10. Qc2 Qxa2 11. Bd3 Nxc3 12. bxc3 Qxc2 13. Rxc2 Be7 14. 0-0 f6 15. Re1 0-0 16. Rb1 Re8 17. cxd5 exd5 18. c4 dxc4 19. Bxc4+ Kf8 20. Bd3 g6 21. h3 a5 22. Nd2 Ra7 23. Ra1 Be6 24. Bc4 Bxc4 25. Rxc4 Rea8 26. Ne4 a4 27. Nc5 Bxc5 28. dxc5 a3 29. Ra2 Ra4 30. Rc3 Ke7 31. Kf1 Kd7 32. Ke2 Kc7 33. Rb3 Rc4 34. Raxa3 Rxa3 35. Rxa3 Rxc5 36. Kd3 Rg5 37. g3 Rh5 38. h4 Rf5 39. f4 g5 40. hxg5 fxg5 41. g4 Rd5+ 42. Ke4 h6 43. Ra1 b5 44. Rh1 Rd6 45. f5 Kd7 46. Ra1 b4 47. Ra7+ Ke8 48. Ke5 Rd7 49. Ra8+ Rd8 50. Ra6 Rb8 51. Rxc6 b3 52. Rc1 b2 53. Rb1 Kf7 54. e4 Rb5+ 55. Kd4 Rb3 56. e5 Ke7 57. Kc4 Re3 58. e6 Re4+ 59. Kc5 Rxg4 60. Rxb2 Rf4 61. Rb7+ Kf8 62. Kd6 Rf1 63. Ke5 Rc1 64. Kf6 Kg8 65. e7 1-0

[Event "ROM-ch U10"]
[Site "Calimanesti"]
[Date "2013.04.05"]
[Round "5"]
[White "Stancu Filipescu, David"]
[Black "Coman, Mihnea George"]
[Result "1/2-1/2"]
[WhiteElo "1379"]
[BlackElo "1725"]
[PlyCount "84"]
[EventDate "2013.04.02"]
[EventType "swiss"]
[EventRounds "9"]
[EventCountry "ROU"]
[SourceTitle "CBM 153 Extra"]
[Source "ChessBase"]
[SourceDate "2013.04.22"]
[SourceVersion "1"]
[SourceVersionDate "2013.04.22"]
[SourceQuality "1"]

1. d4 Nf6 2. c4 g6 3. Nc3 Bg7 4. Nf3 0-0 5. Bg5 d6 6. e3 Nbd7 7. Bd3 h6 8. Bh4 g5 9. Bg3 Nh5 10. 0-0 Nxg3 11. fxg3 e5 12. dxe5 dxe5 13. Rc1 f5 14. Bb1 c6 15. Qc2 e4 16. Nd4 Nc5 17. Qd2 Nd3 18. Bxd3 exd3 19. Qxd3 c5 20. Rcd1 cxd4 21. exd4 Qb6 22. b3 Rd8 23. Nd5 Qd6 24. Rfe1 Be6 25. Rxe6 Qxe6 26. Nc7 Qc8 27. Nxa8 Rxd4 28. Qc2 Qxa8 29. Rxd4 Bxd4+ 30. Kf1 Qc8 31. Qd3 Bb6 32. Qd5+ Kf8 33. Qd6+ Kf7 34. Qxh6 Qc5 35. Qh7+ Ke6 36. Qg6+ Ke5 37. Qg7+ Ke4 38. Qxb7+ Kd3 39. Qd5+ Kc2 40. Qxc5 Bxc5 41. h4 gxh4 42. gxh4 Kc3 1/2-1/2